000 00451nam a2200181Ia 4500
005 20250423095649.0
008 250422s9999 xx 000 0 und d
020 _a9783409395
050 _aHF 5549 .O36/
100 _aOjo, Folayan
245 0 _aHuman resource management : theory and practice
260 _aLagos
260 _bpanaf publishing, Inc.
260 _c2006
300 _a432 p
650 _aPersonnel management.
942 _cBK
999 _c30958
_d30958